000 00403nam a2200181Ia 4500
001 18664
005 20260306171647.0
008 260306s9999||||xx |||||||||||||| ||und||
041 _aESP
082 _a658.421
_bK49
100 _aKhadem, Riaz
_eAUT
245 0 _aAlineación total
260 _c2002
300 _a240 pƔginas :
_c
650 _aGEN
654 _aCAN
942 _cLIB
_dJUS
_fJUS
_2ddc
_n
999 _c18664
_d18664